Programming for young children : birth through to age five

Αποθηκεύτηκε σε:
Λεπτομέρειες βιβλιογραφικής εγγραφής
Μορφή: Βιβλίο
Γλώσσα:English
Δημοσίευση: Chicago : American Library Association, 1996
Σειρά:ALSC program support publications
Θέματα:
Ετικέτες: Προσθήκη ετικέτας
Δεν υπάρχουν, Καταχωρήστε ετικέτα πρώτοι!

MARC

LEADER 00000nam a2200000 i 4500
001 1/96424
008 991215s1996 eng d
020 |a 0-8389-5757-9 
035 |l 10055755 
040 |a GR-MY-UA  |b gre  |e aacr 
041 0 |a eng 
082 0 |a 027.625 
245 1 0 |a Programming for young children :  |b birth through to age five /  |c prepared by Carole D. Fiore 
260 |a Chicago :   |b American Library Association,   |c 1996 
300 |a 51 p. 
490 1 |a ALSC program support publications 
650 0 0 |a Libraries and preschool children  |z United States. 
650 0 0 |a Children's libraries  |x Activity programs  |z United States. 
830 0 |a ALSC program support publications 
852 |a INST  |b RHODES  |e 19991215  |h 027.625 PRO  |p 005400012536  |q 005400012536  |t BK  |y 0 
901 |a BIBL4-2000-1 
909 |a Ρ  |b 069161 
922 |a 4ΕΛΗ  |b 199909  |c ΚΠΣ/154  |d GLORY BOOKS 
970 |a ΚΟΥΛΑΚΙΟΤΗ  |b ΛΙΤΣΑ  |z 2000/01/13